000 00919nam a22001217a 4500
040 _cRUA
082 _aLMA YAN 2025 B701 Or.1
100 _aYANN RAKSA, យ៉ាន់ រក្សា
245 _aThe study on land dispute resolution by the cadastral commision the systematic land registration adjudication areas in peam meanchey commune,peam ro district, prey veng province, សិក្សាពីការដោះស្រាយវិវាទដីធ្លីរបស់គណៈកម្មការសុរិយោដីក្នុងតំបន់វិនិច្ឆ័យនៃការចុះបញ្ជីដីធ្លីមានលក្ខណៈជាប្រព័ន្ធស្ថិតនៅឃុំពាមមានជ័យ ស្រុកពាមរក៏ ខេត្តព្រៃវែង
260 _aPHNOM PENH
_bRUA
_c2025
300 _ax,35p.
_bill.
_c29cm.
942 _cLMA
999 _c25753
_d25753